Princesa Arabela, mimada que só ela! (Record no. 188110)

MARC details
000 -LÍDER
campo de controle de tamanho fixo 00393 a2200169 4500
001 - NÚMERO DE CONTROLE
campo de controle 188110
020 ## - ISBN - INTERNATIONAL STANDARD BOOK NUMBER
ISBN - International Standard Book Number 978-85-08-11514-3
040 ## - FONTE DA CATALOGAÇÃO
Instituição que transcreveu o registro Magnum
100 ## - ENTRADA PRINCIPAL--NOME PESSOAL
Nome pessoal Freeman, Mylo
240 10 - TÍTULO UNIFORME
Título uniforme Princesa Arabela, mimada que só ela!
Idioma da obra por
245 10 - TÍTULO
Título Princesa Arabela, mimada que só ela!
300 ## - DESCRIÇÃO FÍSICA
Extensão 32
362 0# - DATAS DE PUBLICAÇÃO E/OU DESIGNAÇÃO SEQUENCIAL
Datas de publicação e/ou designação sequencial 2008
440 #1 - DECLARAÇÃO DE SÉRIE/ENTRADA ADICIONADA--TÍTULO
Título Ática
697 ## - ENTRADA DE ASSUNTO LOCAL--ENTIDADE COLETIVA (RLIN)
Nome corporativo ou nome da jurisdição LITERATURA INFANTO
942 ## - ELEMENTOS DE ENTRADA ADICIONADOS (KOHA)
Tipo de material Koha Livros
Holdings
Situação do descarte Situação das perdas Situação física Não pode ser emprestado Biblioteca de origem Biblioteca atual Data de aquisição Total de empréstimos Número de chamada completo Código de barras Data de último acesso Data do preço efetivo Tipo de material Koha
        Magnum Magnum 08/06/2024   869.1.647 MAG00060193 08/06/2024 08/06/2024 Livros
        Magnum Magnum 08/06/2024   869.1.647 MAG00060194 08/06/2024 08/06/2024 Livros
        Magnum Magnum 08/06/2024   869.1.647 MAG00076005 08/06/2024 08/06/2024 Livros